000
00284nam a2200121Ia 4500
008
191201s2017 xx 000 0 und d
100
_a
GONZALEZ, Rafael C
245
0
_a
Digital Image Processing
260
_b
Pearson
_c
2017
300
_a
954
650
_a
B.Tech(ECE)
942
_2
ddc
_c
BK
999
_c
6743
_d
6743